[Event "V Weekend B"]
[Site "Porto Sant'Elpidio ITA"]
[Date "2002.11.03"]
[Round "2"]
[White "Yamauchi, Juan"]
[Black "Baleani, Emanuele"]
[Result "1/2-1/2"]
[WhiteElo "1416"]
[BlackElo "1659"]
[PlyCount "82"]
[EventDate "2002.11.02"]

1. Nf3 b6 2. b4 Bb7 3. Bb2 e6 4. e3 Nf6 5. a3 Be7 6. d4 O-O 7. Nbd2 d6 8. Bd3
Nbd7 9. O-O Rc8 10. c4 c5 11. Rc1 d5 12. b5 dxc4 13. Nxc4 Qc7 14. Qe2 Rfe8 15.
Nfe5 Nxe5 16. dxe5 Nd7 17. f4 Nf8 18. f5 exf5 19. Rxf5 Ng6 20. Rcf1 Rf8 21. g3
Rcd8 22. Bc2 Bc8 23. R5f2 Bh3 24. Re1 Qc8 25. Be4 Qe6 26. Qc2 Qc8 27. Bf5 Bxf5
28. Rxf5 Qe6 29. Ref1 Qd7 30. Qb1 Qxb5 31. Qa2 Qd7 32. Rxf7 Qe6 33. Rxf8+ Rxf8
34. Rxf8+ Kxf8 35. Qb3 Bg5 36. Qd3 b5 37. Qd6+ Qxd6 38. Nxd6 Bxe3+ 39. Kg2 a6
40. h4 Bd4 41. Bxd4 cxd4 1/2-1/2

[Event "V Weekend B"]
[Site "Porto Sant'Elpidio ITA"]
[Date "2002.11.03"]
[Round "3"]
[White "Cecannecchia, Gianluca"]
[Black "Spano' Cuomo, Gaetano"]
[Result "0-1"]
[WhiteElo "1495"]
[BlackElo "1650"]
[PlyCount "70"]
[EventDate "2002.11.02"]

1. e4 e5 2. Nf3 Nc6 3. Bc4 Be7 4. O-O Nf6 5. d3 d6 6. h3 O-O 7. Bg5 Na5 8. Nbd2
Nxc4 9. Nxc4 Be6 10. Ncd2 c5 11. c4 h6 12. Bh4 a6 13. Rb1 Nd7 14. Bxe7 Qxe7 15.
b4 cxb4 16. Rxb4 Nc5 17. Qb1 f5 18. Nh2 f4 19. Nhf3 Rae8 20. Nb3 Nxb3 21. Qxb3
Bc8 22. Rb6 Kh7 23. Rb1 g5 24. Kh2 h5 25. Ng1 Rf7 26. f3 g4 27. Qb4 Rd8 28. Rb2
Rg7 29. a4 Qh4 30. Rxd6 Qg3+ 31. Kh1 Rxd6 32. Qxd6 gxh3 33. Nxh3 Bxh3 34. Qxe5
Bxg2+ 35. Kg1 Bh3+ 0-1

[Event "V Weekend B"]
[Site "Porto Sant'Elpidio ITA"]
[Date "2002.11.03"]
[Round "3"]
[White "Cerusico, Carlo"]
[Black "Gasparroni, Riccardo"]
[Result "0-1"]
[WhiteElo "1404"]
[BlackElo "1632"]
[PlyCount "64"]
[EventDate "2002.11.02"]

1. d4 d5 2. Nf3 Nf6 3. e3 c6 4. Bd3 e6 5. O-O Nbd7 6. Nbd2 Bd6 7. Re1 O-O 8. e4
dxe4 9. Nxe4 Nxe4 10. Bxe4 Nf6 11. Bg5 h6 12. Bh4 Be7 13. Bd3 Qb6 14. Rb1 c5
15. d5 Nxd5 16. Bxe7 Nxe7 17. h4 Rd8 18. c4 Qd6 19. Be2 Qc7 20. Qc2 b6 21. Bf1
Bb7 22. Ne5 Nc6 23. Nf3 Nd4 24. Nxd4 Rxd4 25. g3 Qc6 26. f3 Qxf3 27. Bg2 Qxg3
28. Re2 Rxh4 29. Kf1 Rf4+ 30. Kg1 Rd8 31. Rbe1 Bxg2 32. Rxg2 Qxe1+ 0-1

[Event "V Weekend B"]
[Site "Porto Sant'Elpidio ITA"]
[Date "2002.11.03"]
[Round "3"]
[White "Di Blasio, Walter"]
[Black "Pierantozzi, Stanislao"]
[Result "0-1"]
[WhiteElo "1537"]
[BlackElo "1491"]
[PlyCount "68"]
[EventDate "2002.11.02"]

1. e4 e5 2. Nf3 Nf6 3. Nxe5 d6 4. Nf3 Nxe4 5. d4 d5 6. Bd3 Bd6 7. Qe2 O-O 8.
O-O Re8 9. Re1 Qe7 10. Be3 Bg4 11. h3 Bh5 12. a3 Nd7 13. c4 c6 14. cxd5 cxd5
15. Nc3 Nxc3 16. bxc3 h6 17. g4 Bg6 18. Bxg6 fxg6 19. Qb5 Qf7 20. Kg2 Rf8 21.
Nh4 Rad8 22. Qd3 g5 23. Nf5 Bb8 24. Rab1 Nb6 25. Qb5 Kh7 26. Qd3 g6 27. Ng3 Nc4
28. Qe2 Nxa3 29. Rbd1 Nb5 30. Rd3 Nc7 31. Kh1 Ne6 32. Qf1 Qf3+ 33. Qg2 Qxg2+
34. Kxg2 Nf4+ 0-1

[Event "V Weekend B"]
[Site "Porto Sant'Elpidio ITA"]
[Date "2002.11.03"]
[Round "3"]
[White "Iori, Massimiliano"]
[Black "Fratini, Mauro"]
[Result "1/2-1/2"]
[WhiteElo "1572"]
[BlackElo "1594"]
[PlyCount "57"]
[EventDate "2002.11.02"]

1. d4 d5 2. Nf3 c6 3. c4 e6 4. e3 Nf6 5. Bd3 Nbd7 6. O-O Bd6 7. Nc3 dxc4 8.
Bxc4 Nd5 9. e4 Ne7 10. Bg5 h6 11. Bh4 O-O 12. a3 Qe8 13. e5 Bc7 14. Bxe7 Qxe7
15. Qe2 f6 16. Nh4 Qe8 17. f4 f5 18. Qd3 Nb6 19. Bb3 Nd5 20. Bc2 Bd7 21. Kh1
Bd8 22. Nf3 Nxf4 23. Qd2 Nd5 24. Rad1 Qh5 25. Nxd5 cxd5 26. b4 Rc8 27. Bd3 Bb6
28. b5 Rc7 29. a4 1/2-1/2

[Event "V Weekend B"]
[Site "Porto Sant'Elpidio ITA"]
[Date "2002.11.03"]
[Round "3"]
[White "Marinucci, Johnny"]
[Black "Muzzi, Claudio"]
[Result "1/2-1/2"]
[WhiteElo "1534"]
[BlackElo "1536"]
[PlyCount "116"]
[EventDate "2002.11.02"]

1. d4 Nf6 2. Nf3 g6 3. Bf4 Bg7 4. e3 d6 5. h3 Nbd7 6. Be2 c5 7. c3 Qa5 8. O-O
O-O 9. Nbd2 cxd4 10. exd4 Qf5 11. Bh2 Nb6 12. Re1 Qd7 13. a4 a5 14. Bb5 Qc7 15.
Qe2 e6 16. Ng5 Rd8 17. Nge4 Nxe4 18. Nxe4 Qe7 19. Bd3 f5 20. Nd2 e5 21. dxe5
dxe5 22. Nc4 Nd7 23. Nxe5 Nxe5 24. Bc4+ Kf8 25. Bxe5 Qxe5 26. Qxe5 Bxe5 27.
Rxe5 Bd7 28. Bb3 Ra6 29. Rb1 Bc6 30. Re2 Be4 31. Bc2 Bxc2 32. Rxc2 Rad6 33.
Rcc1 Rd2 34. b4 Ra2 35. bxa5 Rdd2 36. Rf1 Rxa4 37. Rxb7 Rxa5 38. Rxh7 Rad5 39.
Kh2 Rd1 40. Rxd1 Rxd1 41. Kg3 Rd3+ 42. Kf4 Rxc3 43. Kg5 Rc6 44. f4 Ra6 45. g4
fxg4 46. hxg4 Kg8 47. Rh3 Kg7 48. Rf3 Ra5+ 49. Kh4 Ra1 50. f5 Rh1+ 51. Kg5 gxf5
52. Kxf5 Rb1 53. Kg5 Rb5+ 54. Rf5 Rxf5+ 55. Kxf5 Kf7 56. g5 Kg7 57. g6 Kg8 58.
Kf6 Kf8 1/2-1/2

[Event "V Weekend B"]
[Site "Porto Sant'Elpidio ITA"]
[Date "2002.11.03"]
[Round "3"]
[White "Padovani, Alessio"]
[Black "Piantieri, Guido"]
[Result "1-0"]
[WhiteElo "1635"]
[BlackElo "1500"]
[PlyCount "43"]
[EventDate "2002.11.02"]

1. c4 Nf6 2. g3 d5 3. Bg2 dxc4 4. Na3 c6 5. Nxc4 e6 6. Nf3 Bd6 7. b3 Qc7 8. Bb2
Be7 9. O-O O-O 10. Qc2 b5 11. Be5 Qd8 12. Bxb8 Rxb8 13. Nce5 Qc7 14. Nxc6 Kh8
15. Rac1 Rb6 16. Nxe7 Qxe7 17. Qc7 Qa3 18. Ne5 Qxa2 19. Ra1 Qxb3 20. Rxa7 Kg8
21. Nxf7 Nd5 22. Nh6+ 1-0

[Event "V Weekend B"]
[Site "Porto Sant'Elpidio ITA"]
[Date "2002.11.03"]
[Round "3"]
[White "Paolini, Fabio"]
[Black "Basso, Fabrizio"]
[Result "1-0"]
[WhiteElo "1687"]
[BlackElo "1546"]
[PlyCount "57"]
[EventDate "2002.11.02"]

1. e4 c5 2. Nc3 d6 3. g3 g6 4. Bg2 Bg7 5. d3 Nf6 6. Nge2 O-O 7. h3 Nc6 8. Be3
a6 9. Qd2 Bd7 10. f4 Qc7 11. g4 b5 12. Ng3 b4 13. Nd1 Kh8 14. O-O Rac8 15. g5
Ne8 16. h4 Bd4 17. c3 bxc3 18. bxc3 Bxe3+ 19. Nxe3 e6 20. f5 f6 21. fxg6 hxg6
22. h5 Ng7 23. gxf6 Nxh5 24. Nd5 exd5 25. Qh6+ Kg8 26. Qxg6+ Kh8 27. Qxh5+ Kg8
28. Qg6+ Kh8 29. Qg7# 1-0

[Event "V Weekend B"]
[Site "Porto Sant'Elpidio ITA"]
[Date "2002.11.03"]
[Round "3"]
[White "Perogio, Lorenzo"]
[Black "Gasparroni, Daniele"]
[Result "1-0"]
[WhiteElo "1518"]
[BlackElo "1675"]
[PlyCount "85"]
[EventDate "2002.11.02"]

1. e4 c5 2. Nf3 e6 3. d4 cxd4 4. Nxd4 Nc6 5. Nc3 a6 6. Be2 Nge7 7. Be3 Nxd4 8.
Bxd4 Nc6 9. Be3 Be7 10. Qd2 O-O 11. f4 d6 12. O-O b5 13. a3 Bb7 14. Bf3 Rc8 15.
Qf2 Qd7 16. Rad1 Na5 17. e5 d5 18. Ne4 Qc6 19. Ng3 Qxc2 20. Rd2 Qc6 21. f5 Bc5
22. f6 g6 23. b4 Bxe3 24. Qxe3 Kh8 25. bxa5 Qc3 26. Qh6 Rg8 27. Rfd1 Qxe5 28.
Qh4 Qe3+ 29. Kh1 Qxa3 30. Rd4 Rc4 31. h3 Qxa5 32. Qh6 Rxd4 33. Rxd4 Qa1+ 34.
Rd1 Qxf6 35. Ne2 Qg7 36. Qe3 Rc8 37. Rc1 Rxc1+ 38. Qxc1 f6 39. Qc5 Qf7 40. Nf4
g5 41. Bh5 Qg8 42. Qe7 Qg7 43. Bf7 1-0

[Event "V Weekend B"]
[Site "Porto Sant'Elpidio ITA"]
[Date "2002.11.03"]
[Round "3"]
[White "Ragnini, Damiano"]
[Black "Yamauchi, Juan"]
[Result "0-1"]
[WhiteElo "1537"]
[BlackElo "1416"]
[PlyCount "82"]
[EventDate "2002.11.02"]

1. e4 c5 2. Nf3 d6 3. d4 cxd4 4. Nxd4 Nf6 5. Nc3 Nc6 6. h3 Qc7 7. Be3 a6 8. Bd3
e5 9. Nf3 b5 10. O-O Bb7 11. a3 Na5 12. Qd2 Nc4 13. Bxc4 Qxc4 14. b3 Qc6 15.
Bg5 Nxe4 16. Nxe4 Qxe4 17. Rad1 f6 18. Rfe1 Qf5 19. Bh4 Bxf3 20. gxf3 Be7 21.
Qd5 Rd8 22. Bg3 Qxh3 23. Re4 g6 24. Rg4 h5 25. Qc6+ Kf8 26. Rb4 h4 27. Bh2 Qf5
28. Rg4 Rc8 29. Qxa6 Rxc2 30. Kg2 Kf7 31. Qxb5 Rc5 32. Qa6 Rd8 33. b4 Rc3 34.
Qb7 Rxa3 35. b5 d5 36. Bf4 exf4 37. Re1 Rd7 38. Qc6 h3+ 39. Kh2 Rxf3 40. Reg1
Rxf2+ 41. Kxh3 Rd8 0-1

[Event "V Weekend B"]
[Site "Porto Sant'Elpidio ITA"]
[Date "2002.11.09"]
[Round "4"]
[White "Di Blasio, Walter"]
[Black "Cerusico, Carlo"]
[Result "1-0"]
[WhiteElo "1537"]
[BlackElo "1404"]
[PlyCount "135"]
[EventDate "2002.11.02"]

1. Nf3 d5 2. c4 Nf6 3. g3 e6 4. cxd5 exd5 5. Bg2 Bc5 6. O-O Nc6 7. d4 Bb6 8.
Nc3 Be6 9. Na4 Qd7 10. Nxb6 axb6 11. Bf4 h6 12. Ne5 Qe7 13. Nxc6 bxc6 14. Qc2
c5 15. b3 O-O 16. dxc5 bxc5 17. Rfc1 Nh5 18. Qxc5 Qxc5 19. Rxc5 Nxf4 20. gxf4
g5 21. fxg5 hxg5 22. Bxd5 Bxd5 23. Rxd5 f5 24. Rc5 Ra7 25. Rc6 Kg7 26. a4 Rf6
27. Rc3 Rd6 28. Rac1 Rd7 29. Rd3 Rxd3 30. exd3 Kf6 31. Kg2 Ke5 32. Rc4 Kd5 33.
h3 c5 34. f4 gxf4 35. Kf3 Rh7 36. Rxf4 Rxh3+ 37. Ke2 Ke5 38. Rf3 Rh2+ 39. Rf2
Rh4 40. Kd2 Rb4 41. Kc3 f4 42. Rf3 Rd4 43. a5 Kd6 44. a6 Kc7 45. Rf1 Kb8 46.
Kd2 Ka7 47. Ra1 Rd6 48. Ke2 f3+ 49. Kd2 Rb6 50. Ra3 Re6 51. Ra1 Re2+ 52. Kc3
Re6 53. Kc4 Rxa6 54. Rf1 Rf6 55. Kxc5 f2 56. d4 Kb7 57. b4 Kc7 58. Kd5 Kb6 59.
Kc4 Rf4 60. Kd3 Kb5 61. Ke3 Rh4 62. Rxf2 Kxb4 63. Rc2 Kb3 64. Rc8 Kb4 65. d5
Rh7 66. Ke4 Kb5 67. d6 Kb6 68. Rc1 1-0

[Event "V Weekend B"]
[Site "Porto Sant'Elpidio ITA"]
[Date "2002.11.09"]
[Round "4"]
[White "Fratini, Mauro"]
[Black "Perogio, Lorenzo"]
[Result "1/2-1/2"]
[WhiteElo "1594"]
[BlackElo "1518"]
[PlyCount "79"]
[EventDate "2002.11.02"]

1. d4 Nf6 2. Nf3 e6 3. Bf4 b6 4. h3 Bb7 5. Nbd2 Be7 6. e3 O-O 7. c3 c5 8. Bd3
d5 9. O-O Nbd7 10. Bh2 h6 11. Re1 Ne4 12. Qc2 f5 13. Ne5 Nxe5 14. Bxe5 c4 15.
Be2 Nxd2 16. Qxd2 Bd6 17. Bf4 Kh7 18. Bxd6 Qxd6 19. f4 b5 20. a3 a5 21. Bf3 Qe7
22. Qf2 Bc6 23. Reb1 b4 24. axb4 axb4 25. Qe1 b3 26. Rxa8 Rxa8 27. Ra1 Qb7 28.
g4 Ra6 29. g5 hxg5 30. fxg5 Rxa1 31. Qxa1 Qc7 32. Qe1 Be8 33. Kg2 Qa7 34. Qf2
Qa1 35. h4 g6 36. Kg3 Qc1 37. Kf4 Qc2 38. Kg3 Kg7 39. Kg2 Kf8 40. Kg3 1/2-1/2

[Event "V Weekend B"]
[Site "Porto Sant'Elpidio ITA"]
[Date "2002.11.09"]
[Round "4"]
[White "Gasparroni, Daniele"]
[Black "Silvestri, Giorgio"]
[Result "0-1"]
[WhiteElo "1675"]
[BlackElo "1648"]
[PlyCount "110"]
[EventDate "2002.11.02"]

1. Nf3 Nf6 2. b3 d6 3. Bb2 e5 4. d4 e4 5. Ng1 d5 6. e3 Bd6 7. c4 c6 8. Ne2 Be6
9. Qc2 Nbd7 10. Ng3 h5 11. c5 Bc7 12. Nd2 h4 13. Ne2 Nh5 14. h3 a5 15. Bc3 f5
16. O-O-O Nb8 17. Kb2 Na6 18. a3 g5 19. f3 Qf6 20. fxe4 fxe4 21. Nxe4 dxe4 22.
Qxe4 Kf7 23. d5 Bxd5 24. Qxd5+ cxd5 25. Bxf6 Nxf6 26. Nc3 Be5 27. Bxa6 Bxc3+
28. Kxc3 bxa6 29. Rhf1 Ke6 30. Kd4 Rhf8 31. Rf2 Ne4 32. Rc2 Rf2 33. Rdc1 Rxc2
34. Rxc2 Rc8 35. b4 axb4 36. axb4 Rc6 37. Rc1 Ng3 38. Rc2 Nf5+ 39. Kd3 Ke5 40.
Rc1 Ng3 41. Rc2 Nf5 42. Rc3 Ne7 43. Rc1 Rf6 44. Rc2 Nc6 45. Kc3 Ke4 46. Rd2 Rf5
47. Ra2 Kxe3 48. Rxa6 d4+ 49. Kb3 Ne5 50. c6 Rf8 51. c7 Rc8 52. Re6 Ke4 53. b5
Rxc7 54. b6 Rb7 55. Kb4 Kd5 0-1

[Event "V Weekend B"]
[Site "Porto Sant'Elpidio ITA"]
[Date "2002.11.09"]
[Round "4"]
[White "Gasparroni, Riccardo"]
[Black "Basso, Fabrizio"]
[Result "0-1"]
[WhiteElo "1632"]
[BlackElo "1546"]
[PlyCount "56"]
[EventDate "2002.11.02"]

1. e4 c5 2. Nf3 d6 3. d4 cxd4 4. Nxd4 Nf6 5. Nc3 a6 6. Bg5 e6 7. f4 Be7 8. e5
dxe5 9. fxe5 Nd5 10. Bxe7 Qxe7 11. Ne4 Qh4+ 12. Ng3 Nd7 13. c4 Ne3 14. Qd3 Nxf1
15. Rxf1 Nxe5 16. Qc3 O-O 17. O-O-O b5 18. Nf3 Nxf3 19. Qxf3 Qxc4+ 20. Kb1 Ra7
21. Qe3 Rd7 22. Rxd7 Bxd7 23. Rf4 Qc7 24. Rg4 Rc8 25. Qd2 e5 26. Rh4 Qc5 27.
Ne2 Bf5+ 28. Ka1 Qc2 0-1

[Event "V Weekend B"]
[Site "Porto Sant'Elpidio ITA"]
[Date "2002.11.09"]
[Round "4"]
[White "Iaconi, Andrea"]
[Black "Baleani, Emanuele"]
[Result "1-0"]
[WhiteElo "1623"]
[BlackElo "1659"]
[PlyCount "61"]
[EventDate "2002.11.02"]

1. e4 c5 2. Nf3 d6 3. d4 cxd4 4. Nxd4 Nf6 5. Nc3 a6 6. Be2 e5 7. Nb3 Be7 8. O-O
O-O 9. Kh1 b5 10. a3 Bb7 11. f3 d5 12. exd5 Nxd5 13. Nxd5 Qxd5 14. Be3 Rc8 15.
Bd3 g6 16. Na5 f5 17. Nxb7 Qxb7 18. Qe2 Nc6 19. Qf2 Bf6 20. Rad1 Ne7 21. h4 Nd5
22. Bh6 Qb6 23. Bxf5 Qxf2 24. Be6+ Kh8 25. Rxf2 Bxh4 26. Bxc8 Nb6 27. Bb7 Rb8
28. Rfd2 Kg8 29. Be4 Bf6 30. b3 Rc8 31. Rd6 1-0

[Event "V Weekend B"]
[Site "Porto Sant'Elpidio ITA"]
[Date "2002.11.09"]
[Round "4"]
[White "Morici, Marco"]
[Black "Paolini, Fabio"]
[Result "0-1"]
[WhiteElo "1621"]
[BlackElo "1687"]
[PlyCount "65"]
[EventDate "2002.11.02"]

1. c4 f5 2. Nc3 Nf6 3. d4 d6 4. Nf3 c6 5. g3 g6 6. Bg2 Bg7 7. O-O O-O 8. Rb1
Na6 9. a3 Bd7 10. b4 Rb8 11. Re1 Qe8 12. a4 e5 13. dxe5 dxe5 14. Be3 Ra8 15. b5
Nc7 16. Bc5 e4 17. Bxf8 Qxf8 18. Nd4 Rd8 19. Qb3 Ng4 20. Nc2 f4 21. Nxe4 fxg3
22. hxg3 Bf5 23. Qf3 Ne5 24. Qf4 Ne6 25. Qc1 Ng4 26. Rf1 Bd4 27. Nxd4 Nxd4 28.
Rb2 cxb5 29. cxb5 Rc8 30. Qd2 Rd8 31. Qc3 Qh6 32. Rd1 Nf3+ 33. Qxf3 0-1

[Event "V Weekend B"]
[Site "Porto Sant'Elpidio ITA"]
[Date "2002.11.09"]
[Round "4"]
[White "Piantieri, Guido"]
[Black "Marinucci, Johnny"]
[Result "0-1"]
[WhiteElo "1500"]
[BlackElo "1534"]
[PlyCount "84"]
[EventDate "2002.11.02"]

1. e4 Nf6 2. e5 Nd5 3. c4 Nb6 4. d4 d6 5. f4 dxe5 6. fxe5 Nc6 7. Be3 Bf5 8. Nc3
e6 9. a3 a5 10. c5 Nd5 11. Nxd5 Qxd5 12. Nf3 Be7 13. Bd3 Bxd3 14. Qxd3 Bxc5 15.
O-O O-O 16. Ng5 g6 17. Bf2 Bxd4 18. Qh3 Bxf2+ 19. Rxf2 h5 20. Raf1 Nxe5 21. Rf4
Qc5+ 22. Kh1 Qe7 23. Ne4 Nd7 24. g4 f5 25. gxf5 exf5 26. Rg1 Kh7 27. Rh4 Kg7
28. Rxh5 Qxe4+ 29. Rg2 Rh8 30. Qg3 Qc6 31. Rg5 Ra6 32. Rxg6+ Qxg6 33. Qc3+ Rf6
34. Rxg6+ Kxg6 35. Qxc7 Rh7 36. Qxb7 Rb6 37. Qc8 Nf6 38. Qc3 Ng4 39. Qxa5 Rxh2+
40. Kg1 Rbxb2 41. Qa6+ Kg5 42. Qf1 Ne3 0-1

[Event "V Weekend B"]
[Site "Porto Sant'Elpidio ITA"]
[Date "2002.11.09"]
[Round "4"]
[White "Pierantozzi, Stanislao"]
[Black "Ragnini, Damiano"]
[Result "1-0"]
[WhiteElo "1491"]
[BlackElo "1537"]
[PlyCount "55"]
[EventDate "2002.11.02"]

1. d4 Nf6 2. c4 c5 3. dxc5 Qa5+ 4. Nc3 Qxc5 5. e4 e6 6. Nf3 h6 7. Be3 Qc7 8. h3
Be7 9. Bd3 d6 10. O-O e5 11. Nd5 Nxd5 12. cxd5 Nd7 13. Qa4 O-O 14. Rac1 Nc5 15.
Qd1 Qd8 16. Bxc5 dxc5 17. Nxe5 Bd6 18. Nc4 Bc7 19. Ne3 Bd6 20. f4 b6 21. Qf3
Kh8 22. e5 c4 23. Bxc4 Bc5 24. Kh1 Qh4 25. a3 a5 26. Bd3 Bb7 27. Be4 Rad8 28.
Nf5 1-0

[Event "V Weekend B"]
[Site "Porto Sant'Elpidio ITA"]
[Date "2002.11.09"]
[Round "4"]
[White "Rosati, Simone"]
[Black "Cecannecchia, Gianluca"]
[Result "1-0"]
[WhiteElo "1500"]
[BlackElo "1495"]
[PlyCount "55"]
[EventDate "2002.11.02"]

1. e4 e5 2. Nf3 d6 3. Bc4 Bg4 4. Nc3 a6 5. Nxe5 dxe5 6. Qxg4 Nf6 7. Qf3 Bc5 8.
d3 O-O 9. Bg5 Nbd7 10. Nd5 Be7 11. Nxe7+ Qxe7 12. O-O a5 13. a4 c6 14. Qg3 Rfe8
15. Bh6 Qf8 16. Bd2 Qc5 17. Be3 Qe7 18. f4 exf4 19. Qxf4 Qe5 20. Qxe5 Nxe5 21.
Bb3 h6 22. Bxh6 Ned7 23. Bg5 Rf8 24. Bxf6 Nxf6 25. Rf3 Rae8 26. Raf1 Re7 27.
Rf5 Rfe8 28. Rxa5 1-0

[Event "V Weekend B"]
[Site "Porto Sant'Elpidio ITA"]
[Date "2002.11.09"]
[Round "4"]
[White "Spano' Cuomo, Gaetano"]
[Black "Iori, Massimiliano"]
[Result "1/2-1/2"]
[WhiteElo "1650"]
[BlackElo "1572"]
[PlyCount "106"]
[EventDate "2002.11.02"]

1. d4 Nf6 2. c4 e6 3. Nf3 d5 4. e3 Be7 5. Nc3 O-O 6. Bd3 Nbd7 7. O-O c6 8. b3
b6 9. Bb2 Bb7 10. cxd5 cxd5 11. Rc1 Rc8 12. Qe2 Nb8 13. Ne5 a6 14. f4 Ne4 15.
Rf3 f5 16. Rh3 Nd7 17. Qh5 Ndf6 18. Qh4 Qe8 19. g4 g6 20. g5 Nh5 21. Nxe4 Rxc1+
22. Bxc1 dxe4 23. Be2 b5 24. Kf2 Bd6 25. Bxh5 gxh5 26. g6 Bxe5 27. Qxh5 Qxg6
28. Rg3 Qxg3+ 29. hxg3 Bf6 30. Ke2 Bc6 31. Qh3 Rc8 32. Kd1 Be8 33. g4 Bg6 34.
g5 Bg7 35. Qf1 Bf8 36. Qe2 Rc3 37. Bb2 Rd3+ 38. Kc1 Bb4 39. a4 Bd2+ 40. Qxd2
Rxd2 41. Kxd2 Be8 42. axb5 Bxb5 43. Kc3 Kf7 44. Kb4 Bd3 45. Kc5 Bb5 46. Kd6 Bd3
47. Ke5 Bc2 48. d5 Bxb3 49. d6 Ba4 50. Kd4 Ke8 51. Kc5 Kd7 52. Ba3 Bb5 53. Kd4
Ke8 1/2-1/2

[Event "V Weekend B"]
[Site "Porto Sant'Elpidio ITA"]
[Date "2002.11.09"]
[Round "4"]
[White "Yamauchi, Juan"]
[Black "Padovani, Alessio"]
[Result "0-1"]
[WhiteElo "1416"]
[BlackElo "1635"]
[PlyCount "100"]
[EventDate "2002.11.02"]

1. f4 d5 2. e3 Nf6 3. b3 e6 4. Bb2 Nc6 5. Bd3 Bd7 6. Nf3 Be7 7. Nc3 O-O 8. O-O
Nb4 9. Be2 c5 10. a3 Nc6 11. d4 Rc8 12. Bd3 a6 13. Qe2 b5 14. dxc5 Bxc5 15. b4
Be7 16. Nd1 g6 17. Nf2 Re8 18. Ne5 Bf8 19. Nfg4 Bg7 20. Qf3 Nxg4 21. Qxg4 Nxe5
22. Bxe5 f6 23. Bd6 e5 24. Qd1 Bg4 25. Qxg4 Qxd6 26. Rad1 f5 27. Qg3 e4 28. Be2
Rxc2 29. Rfe1 Bc3 30. h3 Bxe1 31. Qxe1 Rec8 32. Kh2 R2c3 33. Bf1 Rxa3 34. Rd4
Rd8 35. Qd2 Qc6 36. Be2 Qc3 37. Qxc3 Rxc3 38. Bd1 Rxe3 39. Bc2 Re2 40. Bb3 Kg7
41. Kg1 Rb2 42. Bxd5 Kf6 43. h4 h6 44. Kf1 g5 45. hxg5+ hxg5 46. g3 gxf4 47.
gxf4 Rc8 48. Rd1 e3 49. Bf3 Rcc2 50. Re1 Rf2+ 0-1

[Event "V Weekend B"]
[Site "Porto Sant'Elpidio ITA"]
[Date "2002.11.10"]
[Round "5"]
[White "Baleani, Emanuele"]
[Black "Pierantozzi, Stanislao"]
[Result "1-0"]
[WhiteElo "1659"]
[BlackElo "1491"]
[PlyCount "139"]
[EventDate "2002.11.02"]

1. e4 e5 2. Nf3 Nf6 3. Nxe5 d6 4. Nf3 Nxe4 5. d4 d5 6. Bd3 Bd6 7. O-O O-O 8.
Re1 Nf6 9. c4 c6 10. Nc3 Bg4 11. Bg5 h6 12. Bxf6 Qxf6 13. cxd5 Bxf3 14. Qxf3
Qxf3 15. gxf3 cxd5 16. Nb5 Bf4 17. Re7 Nc6 18. Rxb7 Rab8 19. Rxb8 Rxb8 20. b3
a6 21. Nc3 Rd8 22. Ne2 Bg5 23. Bxa6 Bf6 24. Bb7 Na5 25. Ba6 Nc6 26. Rc1 Nb4 27.
Bb5 Nxa2 28. Rc5 Nb4 29. h3 Kf8 30. Kf1 Rb8 31. Ba4 g5 32. Kg2 Rb7 33. Kg3 Ke7
34. f4 Kd6 35. Rc3 Re7 36. fxg5 hxg5 37. Kf3 Re4 38. Ng3 Rf4+ 39. Ke3 Bxd4+ 40.
Kd2 Rxf2+ 41. Ke1 Nc2+ 42. Rxc2 Rxc2 43. Nf5+ Ke5 44. Nxd4 Kxd4 45. b4 Ke3 46.
Bxc2 Kd4 47. b5 Kc5 48. Bd3 f5 49. Kf2 d4 50. Kf3 Kb6 51. Kg3 Kc5 52. h4 gxh4+
53. Kxh4 Kb6 54. Kg5 Kc7 55. Kxf5 Kd6 56. Ke4 Kc5 57. Ke5 Kb6 58. Kxd4 Kc7 59.
Kc5 Kb7 60. Kd6 Kb6 61. Kd7 Kb7 62. Be4+ Kb8 63. Bd3 Kb7 64. Kd8 Kb8 65. Bf5
Kb7 66. Bc8+ Kb6 67. Ba6 Ka7 68. Kc7 Ka8 69. Bb7+ Ka7 70. b6# 1-0

[Event "V Weekend B"]
[Site "Porto Sant'Elpidio ITA"]
[Date "2002.11.10"]
[Round "5"]
[White "Basso, Fabrizio"]
[Black "Silvestri, Giorgio"]
[Result "1-0"]
[WhiteElo "1546"]
[BlackElo "1648"]
[PlyCount "113"]
[EventDate "2002.11.02"]

1. e4 c5 2. Nf3 d6 3. Bb5+ Bd7 4. Bxd7+ Nxd7 5. c4 Ngf6 6. Nc3 e6 7. O-O Be7 8.
b3 O-O 9. Bb2 a6 10. d4 cxd4 11. Nxd4 Nc5 12. Qe2 Qc7 13. f4 e5 14. fxe5 dxe5
15. Nf5 Rfe8 16. Nxe7+ Qxe7 17. Rf3 Ne6 18. Nd5 Nxd5 19. exd5 Qc5+ 20. Kh1 Nd4
21. Qf2 f6 22. Rd1 Qb4 23. Bxd4 exd4 24. Qxd4 Qd6 25. c5 Qe5 26. Qxe5 Rxe5 27.
h3 Kf7 28. Rfd3 f5 29. Kg1 Rc8 30. b4 a5 31. a3 axb4 32. axb4 Re4 33. Rd4 Rxd4
34. Rxd4 Ke7 35. Kf2 g5 36. Ke3 Kd7 37. Kd3 Ra8 38. Rc4 Ra3+ 39. Rc3 Ra1 40.
c6+ bxc6 41. dxc6+ Kc7 42. b5 f4 43. b6+ Kc8 44. b7+ Kc7 45. Rb3 Rd1+ 46. Ke2
Rd8 47. b8=Q+ Rxb8 48. Rxb8 Kxb8 49. Kf3 h5 50. h4 gxh4 51. Kxf4 h3 52. gxh3 h4
53. Kg4 Kc7 54. Kxh4 Kxc6 55. Kg5 Kd7 56. Kg6 Ke7 57. Kg7 1-0

[Event "V Weekend B"]
[Site "Porto Sant'Elpidio ITA"]
[Date "2002.11.10"]
[Round "5"]
[White "Cecannecchia, Gianluca"]
[Black "Gasparroni, Daniele"]
[Result "0-1"]
[WhiteElo "1495"]
[BlackElo "1675"]
[PlyCount "98"]
[EventDate "2002.11.02"]

1. e4 c5 2. Nf3 e6 3. d4 cxd4 4. Nxd4 Nc6 5. Nxc6 bxc6 6. Nc3 d5 7. exd5 cxd5
8. Bb5+ Bd7 9. Bxd7+ Qxd7 10. Qd4 Nf6 11. Qa4 Qxa4 12. Nxa4 Rc8 13. Kd1 Ne4 14.
Be3 d4 15. Bxd4 Rd8 16. c3 Nxf2+ 17. Kc2 Nxh1 18. Rxh1 Be7 19. b3 O-O 20. Bxa7
Bg5 21. Kb2 Rd2+ 22. Ka3 Ra8 23. Bc5 Rc2 24. c4 Bc1+ 25. Rxc1 Rxc1 26. Bd6 f6
27. c5 Kf7 28. Kb4 e5 29. Nc3 Rxc3 30. Kxc3 Rxa2 31. b4 Ke6 32. b5 Kd7 33. Kc4
Rxg2 34. Bf8 e4 35. c6+ Kc7 36. Bb4 e3 37. Ba5+ Kc8 38. b6 Rc2+ 39. Kb5 Rb2+
40. Kc5 e2 41. b7+ Kb8 42. Be1 Rb1 43. Bg3+ Ka7 44. Kd6 e1=Q 45. Bxe1 Rxe1 46.
Kc7 Rb1 47. Kd8 Rxb7 48. cxb7 Kxb7 49. Kd7 f5 0-1

[Event "V Weekend B"]
[Site "Porto Sant'Elpidio ITA"]
[Date "2002.11.10"]
[Round "5"]
[White "Cerusico, Carlo"]
[Black "Ragnini, Damiano"]
[Result "0-1"]
[WhiteElo "1404"]
[BlackElo "1537"]
[PlyCount "98"]
[EventDate "2002.11.02"]

1. d4 Nf6 2. Nf3 d6 3. e3 g6 4. h3 Bg7 5. Bd3 b6 6. O-O Bb7 7. Nbd2 O-O 8. Re1
Re8 9. e4 e5 10. c3 Nbd7 11. Nf1 h6 12. Bd2 Rc8 13. d5 Nc5 14. Bc2 a5 15. b4
axb4 16. cxb4 Na6 17. Ba4 c6 18. Rc1 b5 19. Bb3 c5 20. a3 c4 21. Ba2 Ra8 22.
N3h2 Qd7 23. Ng4 Nxg4 24. hxg4 g5 25. Ng3 Nc7 26. Qf3 Bc8 27. Nf5 f6 28. Rc3
Na6 29. Rce3 Nb8 30. Qe2 Qd8 31. Nxg7 Kxg7 32. Rh3 Rh8 33. g3 Rxa3 34. Ra1 Qd7
35. f3 Qa7+ 36. Qf2 Qxf2+ 37. Kxf2 Nd7 38. Bc1 Ra4 39. Bb2 Nb6 40. Rhh1 Bd7 41.
Bc1 Rha8 42. Be3 Rxa2+ 43. Rxa2 Rxa2+ 44. Kg1 Ra1+ 45. Kg2 Rxh1 46. Bxb6 Rb1
47. Bc7 Rxb4 48. Bxd6 Ra4 49. Kf2 b4 0-1

[Event "V Weekend B"]
[Site "Porto Sant'Elpidio ITA"]
[Date "2002.11.10"]
[Round "5"]
[White "Iori, Massimiliano"]
[Black "Rosati, Simone"]
[Result "1-0"]
[WhiteElo "1572"]
[BlackElo "1500"]
[PlyCount "61"]
[EventDate "2002.11.02"]

1. d4 Nf6 2. c4 e6 3. Nf3 b6 4. Nc3 Bb7 5. e3 c5 6. d5 d6 7. e4 e5 8. Bg5 Be7
9. Be2 Nbd7 10. O-O Nf8 11. Qa4+ N6d7 12. Bxe7 Qxe7 13. Nb5 Nf6 14. Nc7+ Kd8
15. Nxa8 Bxa8 16. Bd3 Ng6 17. g3 h5 18. h4 Ng4 19. Ng5 Kc8 20. b4 f6 21. Ne6 f5
22. Ng5 f4 23. bxc5 bxc5 24. Rab1 Rf8 25. Qa6+ Bb7 26. Qxa7 Rd8 27. Rb2 Rd7 28.
Rfb1 fxg3 29. fxg3 Qf6 30. Ne6 Qf3 31. Qa8+ 1-0